Yüklüyor......
Kolamarathil ninnulla kurippukal
| Yazar: | |
|---|---|
| Materyal Türü: | Printed Book |
| Dil: | Undetermined |
| Baskı/Yayın Bilgisi: |
tvm
chintha
1997
|
| Edisyon: | 5 |
| Konular: |
| LEADER | 00528nam a2200181Ia 4500 | ||
|---|---|---|---|
| 008 | 140316s9999 xx 000 0 und d | ||
| 020 | |||
| 082 | |a 818 |b JUL/KO | ||
| 100 | |a Fuchik,Julius | ||
| 245 | |a Kolamarathil ninnulla kurippukal | ||
| 250 | |a 5 | ||
| 260 | |a tvm |b chintha |c 1997 | ||
| 300 | |a 128 | ||
| 650 | |a communism | ||
| 650 | |a revolution | ||
| 942 | |2 ddc |c BK | ||
| 999 | |c 7752 |d 7752 | ||
| 952 | |0 0 |1 0 |2 ddc |4 0 |6 818_000000000000000_JULKO |7 0 |9 8917 |a KAUCLV |b KAUCLV |c GENERAL |d 2014-03-18 |o 818 JUL/KO |p 215758 |r 2014-03-18 |w 2014-03-18 |y BK | ||